Proceedings of the 1962 workshop on computer organization (Record no. 27071)

MARC details
000 -LEADER
fixed length control field 00547nam a22001697a 4500
008 - FIXED-LENGTH DATA ELEMENTS--GENERAL INFORMATION
fixed length control field 230504b |||||||| |||| 00| 0 eng d
040 ## - CATALOGING SOURCE
Original cataloging agency National Science Library
Transcribing agency National Science Library
080 ## - UNIVERSAL DECIMAL CLASSIFICATION NUMBER
Universal Decimal Classification number D 681.3.004.2
Item number K3-;1
245 ## - TITLE STATEMENT
Title Proceedings of the 1962 workshop on computer organization
260 ## - PUBLICATION, DISTRIBUTION, ETC.
Place of publication, distribution, etc. Washington, D.C.:
Name of publisher, distributor, etc. Spartan Books, Inc.,
Date of publication, distribution, etc. 1963
300 ## - PHYSICAL DESCRIPTION
Extent v, 242p.
650 ## - SUBJECT ADDED ENTRY--TOPICAL TERM
Topical term or geographic name entry element Industries
653 ## - INDEX TERM--UNCONTROLLED
Uncontrolled term Electrical engineering
700 ## - ADDED ENTRY--PERSONAL NAME
Personal name Barnum, Alan A (Ed.)
700 ## - ADDED ENTRY--PERSONAL NAME
Personal name Knapp, Morris A (Ed.)
942 ## - ADDED ENTRY ELEMENTS (KOHA)
Source of classification or shelving scheme Universal Decimal Classification
Koha item type Proceedings
Holdings
Withdrawn status Lost status Damaged status Not for loan Collection Home library Current library Shelving location Date acquired Total Checkouts Full call number Barcode Date last seen Price effective from Koha item type
        Reference National Science Library National Science Library GF/Rk-21/C-9/R-7 04/05/2023   D 681.3.004.2 K3-;1 14099 04/05/2023 04/05/2023 Proceedings